| 000 | | | 05531cmc2a2200313#x 450 |
| 001 | | | 6ea0cb5c-2503-480e-9d02-9ab168665891 |
| 005 | | | 20190919114629.0 |
| 100 | ## | $a | 20160331l19211921k y0rusy50 ca |
| 101 | 0# | $a | rus |
| 102 | ## | $a | RU |
| 105 | ## | $a | y z ||||| |
| 122 | 2# | $a | d19210506 |
| | $a | d19210823 |
| 200 | 1# | $a | Постановления и протоколы Комиссий СНК по обследованию деятельности Наркомпроса в области театрального дела, пересмотру проектов положений о Наркомтруде, Наркомфине и др., снятию с пайка 30% населения г. Москвы и по другим вопросам |
| | $j | 6 мая - 23 августа 1921 |
| 215 | ## | $a | 34 листа |
| 251 | ## | $c | Дело |
| 300 | ## | $a | Заголовок дела на папке: Постановления и протоколы различных комиссий СНК по обследованию деятельности Наркомпроса в области театрального дела, по снятию с пайка 30% населения г. Москвы, по пересмотру проектов положений о Наркомтруде, Наркомфине и других |
| 300 | ## | $a | Рукописный и машинописный текст |
| 324 | ## | $a | Копии |
| 330 | ## | $a | Входит в раздел описи: Управление Делами Секретариат. I. Протоколы. г/ Протоколы Комиссий СНК |
| 461 | #0 | $1 | 001ad6baeac-e292-4829-90d1-2f4f65796a62 |
| | $1 | 2001 |
| | $a | СОВЕТ НАРОДНЫХ КОМИССАРОВ РСФСР (СНК РСФСР) |
| | $1 | 251 |
| | $c | Фонд |
| | $1 | 852 |
| | $g | Р |
| | $j | 130 |
| 462 | #0 | $1 | 001749580a7-5abb-40c4-a39c-e540631a040a |
| | $1 | 2001 |
| | $a | 1921 г. |
| | $v | Д. 358 |
| | $1 | 251 |
| | $c | Опись |
| | $1 | 852 |
| | $j | 5 |
| 517 | 1# | $a | Постановления и протоколы различных комиссий СНК по обследованию деятельности Наркомпроса в области театрального дела, по снятию с пайка 30% населения г. Москвы, по пересмотру проектов положений о Наркомтруде, Наркомфине и других |
| 801 | #0 | $a | RU |
| | $b | GA_RF |
| 801 | #1 | $a | RU |
| | $b | НПО Опыт |
| | $c | 20160331 |
| | $2 | rusmarc |
| 801 | #2 | $a | RU |
| | $b | ПБ им. Б.Н. Ельцина |
| | $c | 20160514 |
| | $g | RCR |
| | $2 | rusmarc |
| 852 | ## | $a | ГА РФ |
| | $j | 358 |
| 937 | ## | $d | 74489481 |
| | $h | ПБ |
| 035 | ## | $a | RuPRLIB51037986 |
| 605 | ## | $2 | acquisition_Prlib |
| | $3 | DITM\AF\0000003834 |
| | $a | Народ |
| | $l | коллекция |
| 605 | ## | $a | Год театра в России |
| | $l | коллекция |
| | $2 | acquisition_Prlib |
| | $3 | LIBNET\UAF\0000080478 |
| 686 | ## | $2 | rubbk |
| | $a | 85.33ю1 |
| | $v | LBC/M |
| 686 | ## | $a | 63.3(2)61ю1 |
| | $v | LBC/M |
| | $2 | rubbk |
| 606 | 1# | $2 | prlib_sh |
| | $3 | LIBNET\UAF\0000084712 |
| | $a | Театр |
| | $j | Документы и материалы |
| | $x | История |
| | $y | Россия |
| | $z | 1917-1922 |
| 607 | ## | $2 | nlr_sh |
| | $3 | RU\NLR\AUTH\661410346 |
| | $a | Россия |
| | $j | Документы и материалы |
| | $x | Политика и управление |
| | $z | 1917 - 1922 |